LIBRARY & INFORMATION CENTRE, KCAET, TAVANUR

ONLINE PUBLIC ACCESS CATALOGUE (OPAC)

Normal view MARC view
  • Petrik, Milivoj

Entry Personal Name

Number of records used in: 1

001 - CONTROL NUMBER

  • control field: 7779

003 - CONTROL NUMBER IDENTIFIER

  • control field: OSt

005 - DATE AND TIME OF LATEST TRANSACTION

  • control field: 20250823160324.0

008 - FIXED-LENGTH DATA ELEMENTS

  • fixed length control field: 250823|| aca||aabn | a|a d

040 ## - CATALOGING SOURCE

  • Original cataloging agency: OSt
  • Transcribing agency: OSt

100 ## - HEADING--PERSONAL NAME

  • Personal name: Petrik, Milivoj

670 ## - SOURCE DATA FOUND

  • Source citation: Work cat.: (OSt)10118: Petrik, Milivoj., Training of sanitary engineers / , 1956.
free website counter